[Event "AUTO-OPEN-4112"]
[Site "http://www.queenalice.com/game.php?id=1590113"]
[Date "2019.11.15"]
[Round "1"]
[White "Palmeiras"]
[Black "al93oliveira"]
[Result "1-0"]
[WhiteElo "2513"]
[BlackElo "2294"]

1. e4 c5 2. Nf3 Nc6 3. Nc3 g6 4. d4 cxd4 5. Nxd4 Bg7 6. Be3 Nf6 7. Bc4 O-O 8.
Bb3 d6 9. f3 Bd7 10. Qd2 Rc8 11. O-O-O Ne5 12. Kb1 Nc4 13. Bxc4 Rxc4 14. g4 a6
15. h4 h5 16. gxh5 Nxh5 17. Rhg1 b5 18. b3 Rc8 19. Bg5 Re8 20. Nd5 Bc6 21. Nxc6
Rxc6 22. e5 Qd7 23. e6 Qxe6 24. Rge1 Qf5 25. Nxe7+ Rxe7 26. Rxe7 Bc3 27. Qd5 1-0

[Event "AUTO-OPEN-4112"]
[Site "http://www.queenalice.com/game.php?id=1590114"]
[Date "2019.11.15"]
[Round "1"]
[White "al93oliveira"]
[Black "Daniel1962"]
[Result "1-0"]
[WhiteElo "2288"]
[BlackElo "1831"]

1. d4 d5 2. c4 c6 3. Nf3 Bf5 4. cxd5 cxd5 5. Qb3 b6 6. Nc3 e6 7. Bf4 Bd6 8. Bxd6
Qxd6 9. Nb5 Qd7 10. Rc1 Na6 11. Qa4 Ne7 12. Qxa6 O-O 13. Ne5 Qd8 14. e3 Ng6 15.
Nxg6 Bxg6 16. Be2 Qg5 17. Bf3 Be4 18. Ke2 f5 19. Qa3 f4 20. Nc7 Bxf3+ 21. gxf3
Qf6 22. Nxa8 Rxa8 23. Rc7 a5 24. Rg1 g6 25. Rgc1 Qh4 26. Rc8+ Rxc8 27. Rxc8+ Kg7
28. Qf8# 1-0

[Event "AUTO-OPEN-4112"]
[Site "http://www.queenalice.com/game.php?id=1590115"]
[Date "2019.11.15"]
[Round "1"]
[White "Daniel1962"]
[Black "al93oliveira"]
[Result "0-1"]
[WhiteElo "1840"]
[BlackElo "2297"]

1. d4 Nf6 2. Bg5 d5 3. Bxf6 exf6 4. Nc3 c6 5. e4 Bb4 6. Ne2 dxe4 7. Qd2 f5 8.
Nf4 O-O 9. Qe3 g5 10. Nh5 Be6 11. Be2 Bd5 12. O-O-O f4 13. Qd2 Qa5 14. Nf6+ Kg7
15. Nfxd5 cxd5 16. Kb1 Nd7 17. Bg4 Nb6 18. f3 Na4 19. a3 Nxc3+ 20. bxc3 Bxa3 21.
c4 Qb6+ 0-1

[Event "AUTO-OPEN-4112"]
[Site "http://www.queenalice.com/game.php?id=1590116"]
[Date "2019.11.15"]
[Round "1"]
[White "al93oliveira"]
[Black "bouley"]
[Result "1-0"]
[WhiteElo "2294"]
[BlackElo "2074"]

1. c4 e5 2. Nc3 Nc6 3. Nf3 Nf6 4. g3 d6 5. Bg2 Be7 6. d4 exd4 7. Nxd4 Nxd4 8.
Qxd4 c6 9. O-O O-O 10. b3 Qc7 11. Bf4 Rd8 12. Rfd1 Ne8 13. Ne4 Bf5 14. Rd2 c5
15. Qe3 h6 16. h4 Nf6 17. Nc3 Re8 18. Rad1 Ng4 19. Qf3 b6 20. Bxd6 Bxd6 21. Qxf5
Nxf2 22. Qxf2 Rad8 23. Nb5 Qe7 24. Nxd6 Rf8 25. Rd5 1-0

[Event "AUTO-OPEN-4112"]
[Site "http://www.queenalice.com/game.php?id=1590117"]
[Date "2019.11.15"]
[Round "1"]
[White "bouley"]
[Black "al93oliveira"]
[Result "0-1"]
[WhiteElo "2084"]
[BlackElo "2288"]

1. e4 e5 2. Nf3 Nc6 3. Bb5 Nf6 4. d3 Bc5 5. Bxc6 dxc6 6. O-O Qe7 7. Bg5 h6 8.
Bh4 g5 9. Bg3 Bg4 10. h3 Bh5 11. Nbd2 g4 12. hxg4 Bxg4 13. Qe1 O-O-O 14. Nc4
Bxf3 15. gxf3 Rhg8 16. Kh2 Nh5 17. Rg1 Nf4 18. b4 Qg5 19. bxc5 Qh5+ 0-1

[Event "AUTO-ELITE-2173"]
[Site "http://www.queenalice.com/game.php?id=1590171"]
[Date "2019.11.15"]
[Round "1"]
[White "al93oliveira"]
[Black "trompmaster"]
[Result "0-1"]
[WhiteElo "2364"]
[BlackElo "2388"]

1. d4 e6 2. c4 d6 3. Nf3 Nc6 4. Nc3 Nce7 5. e4 g6 6. Bg5 f6 7. Be3 Nh6 8. h3 Nf7
9. Qd2 Bd7 10. g3 Bg7 11. Bg2 c6 0-1

[Event "AUTO-ELITE-2173"]
[Site "http://www.queenalice.com/game.php?id=1590176"]
[Date "2019.11.15"]
[Round "1"]
[White "al93oliveira"]
[Black "Donidon"]
[Result "1-0"]
[WhiteElo "2252"]
[BlackElo "2317"]

1. d4 Nf6 2. c4 d5 3. cxd5 Qxd5 4. Nc3 Qa5 5. g3 c6 6. Bg2 g6 7. Nf3 Bg7 8. O-O
O-O 9. Ne5 Nfd7 10. Nc4 Qd8 11. d5 Nc5 12. Be3 Nca6 13. d6 exd6 14. Qxd6 Qxd6
15. Nxd6 Nd7 16. Rac1 Ne5 17. Rfd1 Ng4 18. Bd4 Be5 19. Bxe5 Nxe5 20. a3 Rb8 21.
b4 Rd8 22. b5 Nc5 23. f4 Ng4 24. bxc6 bxc6 25. Nxc8 Rdxc8 26. Rd6 Rb6 27. Ne4
Nxe4 28. Bxe4 c5 29. Rd3 Nf6 30. Bf3 Rc7 31. g4 h6 32. h4 c4 33. Rdc3 Ra6 34. g5
hxg5 35. hxg5 Ne8 36. Bd5 Nd6 37. Kf2 Rc5 38. e4 Nb5 39. Rxc4 Rxc4 40. Bxc4 Rb6
41. a4 Nd6 42. Bd5 Rb4 43. Rc6 Nxe4+ 44. Ke3 Nf2 45. Rxg6+ Kf8 46. Ra6 Nd1+ 47.
Kf3 Nc3 48. Bc6 Rb6 49. Rxb6 axb6 50. f5 Kg7 51. Ke3 Na2 52. Kd4 Nb4 53. Bb7
Nc2+ 54. Kd3 Na3 55. Kc3 b5 56. Kb4 Nc4 57. Kxb5 Nd6+ 58. Kc6 Nxf5 59. a5 Nd4+
60. Kb6 Ne6 61. a6 Nd8 62. a7 1-0

[Event "AUTO-ELITE-2173"]
[Site "http://www.queenalice.com/game.php?id=1590177"]
[Date "2019.11.15"]
[Round "1"]
[White "Donidon"]
[Black "al93oliveira"]
[Result "1-0"]
[WhiteElo "2261"]
[BlackElo "2296"]

1. e4 c5 2. Nf3 Nc6 3. d4 cxd4 4. Nxd4 Nf6 5. Nc3 e5 6. Ndb5 d6 7. Bg5 a6 8. Na3
b5 9. Nd5 Be7 10. Nxe7 Qxe7 11. c4 b4 12. Nc2 Bb7 13. b3 h6 14. Bxf6 Qxf6 15.
Bd3 O-O 16. O-O a5 17. Ne3 Nd4 18. Nd5 Bxd5 19. cxd5 Rfc8 20. Rc1 Rc3 21. Qd2
Rac8 22. Bc4 Rxc1 23. Rxc1 Qg5 24. Qxg5 hxg5 25. Rf1 Rxc4 26. bxc4 Ne2+ 27. Kh1
Nc3 28. Rc1 Nxa2 29. c5 1-0

[Event "AUTO-OPEN-4002"]
[Site "http://www.queenalice.com/game.php?id=1592215"]
[Date "2019.12.5"]
[Round "3"]
[White "al93oliveira"]
[Black "Spiritus"]
[Result "1-0"]
[WhiteElo "2260"]
[BlackElo "2305"]

1. c4 f5 2. d4 Nf6 3. Nf3 g6 4. g3 d6 5. Bg2 c6 6. O-O Bg7 7. Nc3 O-O 8. Re1 Ne4
9. Bd2 Na6 10. Qc2 d5 11. Bf4 e6 12. Rad1 Nb4 13. Qb3 Na6 14. Be5 Nf6 15. c5 Nb8
16. Qc2 Nbd7 17. Bd6 Re8 18. b4 Bf8 19. Bxf8 Kxf8 20. Ne5 Nxe5 21. dxe5 Ng4 22.
e4 Nxe5 23. Qd2 Qf6 24. Qd4 fxe4 25. Nxe4 dxe4 26. Rxe4 Nf3+ 27. Bxf3 Qxd4 28.
Rexd4 e5 29. Re4 Bf5 30. Re3 Re7 31. Rde1 Rae8 32. a4 a6 33. Be2 Rd8 34. Bf3 Rd4
35. b5 Rxa4 36. bxc6 bxc6 37. Bxc6 Rc4 38. Rxe5 Rxe5 39. Rxe5 a5 40. Bb5 Rc1+
41. Kg2 Kf7 42. c6 Rc3 43. Ba4 Be6 44. Rxa5 h5 45. Ra7+ Kf6 46. c7 Bc8 47. Bd1
Ke7 48. Bf3 Kd6 49. h4 Ke7 50. Be4 Kf6 51. Kf1 Rc5 52. Ke2 Kf7 53. Ke3 Kf6 54.
Kd4 Rc1 55. Bd3 Kf7 56. Bc4+ Ke7 57. Ra8 Kd7 58. Be6+ Kxe6 59. Rxc8 Kd7 60. Rg8
Kxc7 61. Rxg6 1-0

[Event "AUTO-OPEN-4002"]
[Site "http://www.queenalice.com/game.php?id=1592216"]
[Date "2019.12.5"]
[Round "3"]
[White "Spiritus"]
[Black "al93oliveira"]
[Result "1-0"]
[WhiteElo "2394"]
[BlackElo "2243"]

1. d4 Nf6 2. c4 e6 3. Nf3 d5 4. Nc3 Be7 5. Bf4 O-O 6. e3 c5 7. dxc5 Qa5 8. a3
dxc4 9. Bxc4 Qxc5 10. Qe2 Nc6 11. O-O e5 12. Bg3 Bg4 13. Bd3 Rfe8 14. Rac1 Bf8
15. Ne4 Qe7 16. Nxf6+ Qxf6 17. Be4 Rad8 18. h3 Bxf3 19. gxf3 Rc8 20. Rc2 b6 21.
Rfc1 Ne7 22. Qa6 Qe6 23. Rc7 Qxh3 24. Qxa7 Rxc7 25. Rxc7 Nf5 26. Bxf5 Qxf5 27.
Qxb6 Qxf3 28. Qc6 e4 29. Qd5 Re6 30. Rc8 g5 31. Rd8 Qf6 32. Qd4 Qg6 33. Qc5 Qh6
34. b4 Qg7 35. b5 h5 36. b6 1-0

[Event "AUTO-OPEN-4002"]
[Site "http://www.queenalice.com/game.php?id=1592217"]
[Date "2019.12.5"]
[Round "3"]
[White "al93oliveira"]
[Black "JailtonMaster"]
[Result "1-0"]
[WhiteElo "2289"]
[BlackElo "2052"]

1. c4 d5 2. cxd5 Qxd5 3. Nc3 Qd8 4. d4 c6 5. e4 Nf6 6. Nf3 Bg4 7. Be3 e6 8. Qb3
Qc7 9. Ne5 Bh5 10. f3 Nbd7 11. Nd3 Be7 12. Be2 O-O 13. O-O a5 14. Nc5 Nxc5 15.
dxc5 Nd7 16. Na4 Ne5 17. Nb6 Rad8 18. Rfd1 Rxd1+ 19. Rxd1 Rd8 20. Rxd8+ Qxd8 21.
g4 Bg6 22. f4 Nd7 23. Nxd7 Qxd7 24. f5 exf5 25. exf5 Bxf5 26. gxf5 Qxf5 27. Qd3
Qe6 28. Bd1 1-0

[Event "AUTO-OPEN-4002"]
[Site "http://www.queenalice.com/game.php?id=1592218"]
[Date "2019.12.5"]
[Round "3"]
[White "JailtonMaster"]
[Black "al93oliveira"]
[Result "0-1"]
[WhiteElo "2039"]
[BlackElo "2283"]

1. d4 Nf6 2. c4 e6 3. Nf3 d5 4. Bg5 Be7 5. e3 O-O 6. Be2 dxc4 7. Bxc4 c5 8. O-O
Nc6 9. Nc3 cxd4 10. exd4 b6 11. Rc1 Bb7 12. Re1 Nd5 13. Bxe7 Ncxe7 14. Qe2 Rc8
15. Bd3 Nf4 16. Qe3 Nxd3 17. Qxd3 Nf5 18. Red1 a6 19. Ne5 Qd6 20. f3 Rfd8 21.
Ne2 Rxc1 22. Nxc1 Nxd4 23. Nb3 Qxe5 24. Nxd4 Qc5 25. f4 f6 26. Kh1 e5 27. fxe5
fxe5 28. Qb3+ Bd5 29. Ne6 Qf2 30. Ng5 Qxg2# 0-1

[Event "AUTO-MASTER-2915"]
[Site "http://www.queenalice.com/game.php?id=1597341"]
[Date "2020.1.25"]
[Round "1"]
[White "clovis"]
[Black "al93oliveira"]
[Result "0-1"]
[WhiteElo "2132"]
[BlackElo "2281"]

1. e4 e5 2. Bc4 Nf6 3. Nc3 Bc5 4. d3 d6 5. Bg5 c6 6. Nf3 Nbd7 7. O-O Bb6 8. d4
Qe7 9. dxe5 dxe5 10. Nh4 Qb4 11. Bb3 O-O 12. Kh1 Nxe4 13. Nxe4 Qxe4 14. c3 Nc5
15. Re1 Qg4 16. Rxe5 Nxb3 17. Qxb3 Be6 18. Qc2 Bc7 19. h3 Qc4 20. Re4 Qb5 21.
Be3 Rad8 22. Nf3 Bf5 23. g4 Bxe4 24. Qxe4 Rfe8 25. Qf5 Qxf5 26. gxf5 Bb6 27. Nd4
Rd5 28. f6 g6 0-1

[Event "AUTO-MASTER-2915"]
[Site "http://www.queenalice.com/game.php?id=1597342"]
[Date "2020.1.25"]
[Round "1"]
[White "al93oliveira"]
[Black "clovis"]
[Result "1-0"]
[WhiteElo "2273"]
[BlackElo "2140"]

1. d4 d5 2. c4 c6 3. Nf3 Nf6 4. Nc3 e6 5. Bg5 dxc4 6. e4 b5 7. e5 h6 8. Bh4 g5
9. Nxg5 hxg5 10. Bxg5 Be7 11. exf6 Bxf6 12. Bxf6 Qxf6 13. g3 Bb7 14. Bg2 Na6 15.
Nxb5 cxb5 16. Bxb7 Nb4 17. O-O Rd8 18. Qd2 Nd3 19. Bc6+ Ke7 20. Bxb5 Rdg8 21.
Bc6 Qh4 22. Rfd1 Qxh2+ 23. Kf1 Rg6 24. Be4 Rf6 25. Bxd3 cxd3 26. Qb4+ Kd8 27.
Qb8+ Ke7 28. Qxa7+ Kf8 29. Qa8+ Kg7 30. Qg2 Qh1+ 31. Qxh1 Rxh1+ 32. Kg2 1-0

[Event "AUTO-MASTER-2915"]
[Site "http://www.queenalice.com/game.php?id=1597355"]
[Date "2020.1.25"]
[Round "1"]
[White "Canuma"]
[Black "al93oliveira"]
[Result "1-0"]
[WhiteElo "2395"]
[BlackElo "2280"]

1. e4 c5 2. d4 cxd4 3. c3 d5 4. exd5 Nf6 5. Bb5+ Bd7 6. Bc4 Qb6 7. Nf3 e6 8. Qe2
Bc5 9. cxd4 Bb4+ 10. Bd2 O-O 11. dxe6 Bxe6 12. Bxe6 Re8 13. Bxf7+ Kxf7 14. Ne5+
Kf8 15. Qc4 Bxd2+ 16. Nxd2 Re7 17. O-O Nc6 18. Nxc6 bxc6 19. b3 Rd8 20. Nf3 Rd5
21. Rfe1 Red7 22. Re6 1-0

[Event "AUTO-MASTER-2915"]
[Site "http://www.queenalice.com/game.php?id=1597356"]
[Date "2020.1.25"]
[Round "1"]
[White "al93oliveira"]
[Black "Canuma"]
[Result "0-1"]
[WhiteElo "2289"]
[BlackElo "2386"]

1. e4 c6 2. Nc3 d5 3. Nf3 Nf6 4. e5 Ne4 5. g3 Nxc3 6. dxc3 Bg4 7. Bg2 e6 8. O-O
Nd7 9. Re1 Bc5 10. Qd3 Qb6 11. Nd4 O-O 12. Bf4 a5 13. a3 a4 14. b4 axb3 15. cxb3
Rxa3 16. Rxa3 Bxa3 17. b4 c5 18. Nc2 cxb4 19. cxb4 Bxb4 20. Rb1 Bf5 0-1

[Event "AUTO-MASTER-2915"]
[Site "http://www.queenalice.com/game.php?id=1597365"]
[Date "2020.1.25"]
[Round "1"]
[White "al93oliveira"]
[Black "Donidon"]
[Result "1-0"]
[WhiteElo "2236"]
[BlackElo "2380"]

1. c4 Nf6 2. d4 g6 3. Nc3 Bg7 4. e4 d6 5. Be2 O-O 6. Nf3 e5 7. d5 Nbd7 8. O-O
Nc5 9. Qc2 Bd7 10. Bg5 h6 11. Bh4 a6 12. b4 g5 13. Nxg5 hxg5 14. Bxg5 Na4 15.
Nxa4 Qe8 16. Nc3 Nh7 17. Bd2 f5 18. exf5 Bxf5 19. Ne4 Qg6 20. Bd3 c6 21. Rae1
Ng5 22. Bxg5 Bxe4 23. Bxe4 Qxg5 24. Re3 Rf4 25. Rg3 Rg4 26. dxc6 Rxg3 27. cxb7
Rxg2+ 28. Bxg2 Rb8 29. Kh1 Qf4 30. c5 dxc5 31. bxc5 e4 32. Qxe4 Be5 33. Qxf4
Bxf4 34. Rd1 Kf7 35. Rd7+ Kf6 36. c6 Re8 37. Bf3 Rh8 38. c7 Rxh2+ 39. Kg1 Bxc7
40. Rxc7 1-0

[Event "AUTO-MASTER-2915"]
[Site "http://www.queenalice.com/game.php?id=1597366"]
[Date "2020.1.25"]
[Round "1"]
[White "Donidon"]
[Black "al93oliveira"]
[Result "1/2-1/2"]
[WhiteElo "2428"]
[BlackElo "2255"]

1. e4 c5 2. Nf3 Nc6 3. d4 cxd4 4. Nxd4 Nf6 5. Nc3 e5 6. Ndb5 d6 7. Bg5 a6 8. Na3
b5 9. Nd5 Be7 10. Nxe7 Qxe7 11. c4 b4 12. Nc2 Bb7 13. f3 O-O 14. Bd3 a5 15. b3
Qe6 16. O-O Nd7 17. Ne3 Nc5 18. Nd5 Qg6 19. Be3 Ne6 20. a3 bxa3 21. Rxa3 Kh8 22.
f4 exf4 23. Nxf4 Nxf4 24. Bxf4 Ne5 25. Bxe5 dxe5 26. Qc2 Qd6 27. Raa1 Rfd8 28.
Rad1 Qc5+ 29. Kh1 f6 30. Be2 Rd4 31. Rxd4 exd4 32. Rf5 Qe7 33. Bd3 g6 34. Rf1
Kg7 35. Ra1 Qc5 36. Qd2 Bc6 37. Kg1 Qe5 38. g3 Bxe4 39. Bxe4 Qxe4 40. Re1 Qb7
41. Qxd4 Rf8 42. Qc3 Qa7+ 43. Qe3 Qb7 44. Qe7+ Rf7 45. Qxb7 Rxb7 46. Re3 Kf7 47.
Kf2 f5 48. Rc3 Ke6 49. Ke3 Ke5 50. h3 g5 51. Rd3 Ke6 52. Ke2 Ke5 53. Ke3 Ke6 54.
h4 h6 55. Kf2 Ke5 56. Kf3 Ke6 1/2-1/2

[Event "AUTO-MASTER-2932"]
[Site "http://www.queenalice.com/game.php?id=1603170"]
[Date "2020.3.19"]
[Round "1"]
[White "al93oliveira"]
[Black "capaputi"]
[Result "1/2-1/2"]
[WhiteElo "2260"]
[BlackElo "2272"]

1. d4 Nf6 2. c4 e6 3. Nf3 Bb4+ 4. Bd2 Qe7 5. Nc3 O-O 6. e3 c5 7. Bd3 Nc6 8. O-O
d5 9. a3 Bxc3 10. Bxc3 dxc4 11. Bxc4 Rd8 12. Qe2 a6 13. dxc5 Qxc5 14. Rac1 Qe7
15. Rfd1 Bd7 16. Ba2 Rac8 17. Bb1 e5 18. h3 h6 19. Nd2 Be6 20. Nc4 Rxd1+ 21.
Rxd1 Nd4 22. exd4 Bxc4 23. Qxe5 Qd8 24. Qf5 Be6 25. Qd3 Bd5 26. Re1 Qd7 27. Bd2
Re8 28. Rxe8+ Qxe8 29. f3 Qe6 30. Bf4 Bc4 31. Qf5 Qxf5 32. Bxf5 Nd5 33. Bd2 Bb5
34. Kf2 Kf8 35. Be4 Bc6 36. a4 Ke7 37. Ke2 Ke6 38. b3 f5 39. Bd3 g5 40. a5 f4
41. Bc4 Kf5 42. Bd3+ Ke6 43. Bc4 1/2-1/2

[Event "AUTO-MASTER-2932"]
[Site "http://www.queenalice.com/game.php?id=1603171"]
[Date "2020.3.19"]
[Round "1"]
[White "capaputi"]
[Black "al93oliveira"]
[Result "1-0"]
[WhiteElo "2304"]
[BlackElo "2266"]

1. e4 c5 2. Nf3 Nc6 3. Bc4 e6 4. O-O Nf6 5. d3 Be7 6. c3 d5 7. exd5 exd5 8. Bb5
O-O 9. h3 Qc7 10. d4 Bf5 11. Bd3 Qd7 12. Bf4 cxd4 13. cxd4 Bxd3 14. Qxd3 Rac8
15. Nc3 Nh5 16. Bh2 g6 17. Rfe1 Bf6 18. Ne5 Qd8 19. Rad1 Ng7 20. Nxc6 Rxc6 21.
Be5 Nf5 22. Qb5 Rb6 23. Qxd5 Rxb2 24. Ne4 Bg7 25. Qc4 Rb6 26. g4 Ne7 27. Bxg7
Kxg7 28. d5 Ng8 29. Qd4+ f6 30. Nc5 1-0

[Event "AUTO-MASTER-2932"]
[Site "http://www.queenalice.com/game.php?id=1603172"]
[Date "2020.3.19"]
[Round "1"]
[White "al93oliveira"]
[Black "jupar"]
[Result "1-0"]
[WhiteElo "2271"]
[BlackElo "2134"]

1. d4 d5 2. c4 e6 3. Nc3 c6 4. Nf3 Bd6 5. Bg5 Nf6 6. e4 dxe4 7. Nxe4 Be7 8. Nc3
Nbd7 9. Bd3 O-O 10. O-O Re8 11. Qc2 h6 12. Bh4 Nf8 13. Rad1 a6 14. Ne5 N6d7 15.
Bg3 Nxe5 16. dxe5 Qc7 17. Ne4 Rd8 18. Qe2 b5 19. Nf6+ Kh8 20. Qe4 gxf6 21. exf6
Bd6 22. Qh4 Bxg3 23. Qxh6+ 1-0

[Event "AUTO-MASTER-2932"]
[Site "http://www.queenalice.com/game.php?id=1603173"]
[Date "2020.3.19"]
[Round "1"]
[White "jupar"]
[Black "al93oliveira"]
[Result "1/2-1/2"]
[WhiteElo "2113"]
[BlackElo "2279"]

1. e4 c5 2. Nf3 Nc6 3. c3 Nf6 4. e5 Nd5 5. d4 cxd4 6. cxd4 d6 7. Nc3 Nxc3 8.
bxc3 dxe5 9. Bb5 Bd7 10. d5 e4 11. dxc6 bxc6 12. Ne5 cxb5 13. Nxd7 Qxd7 14.
Qxd7+ Kxd7 15. Ba3 e6 16. O-O-O+ Kc7 17. Bxf8 Rhxf8 18. Rd4 f5 19. Rhd1 Rfd8 20.
Kc2 e5 21. Rd5 a6 22. Rxe5 Rxd1 23. Kxd1 Rd8+ 24. Kc2 g6 25. Re6 Rd6 26. Re7+
Kb6 27. Rxh7 Ka5 28. Rh6 Ka4 29. h4 f4 30. h5 e3 31. fxe3 fxe3 32. Rxg6 Rd2+ 33.
Kc1 a5 34. Rg3 Rxa2 35. Rxe3 Rxg2 36. Rh3 Kb3 37. h6 Rg8 38. h7 Rh8 39. Kb1 a4
40. Ka1 b4 41. cxb4+ Kxb4 42. Ka2 Kc4 43. Ka3 Kd5 44. Kxa4 Ke6 45. Kb5 Kf7 46.
Kc6 Kg7 47. Kd6 Rxh7 48. Rxh7+ Kxh7 49. Ke7 1/2-1/2